[Event "Valencia Imdenagua CC op"]
[Site "Valencia"]
[Date "2020.01.25"]
[Round "1"]
[White "Alejos Robles, Pedro Alejandro"]
[Black "Blanco Da Silva, Cristofer R"]
[Result "0-1"]
[WhiteElo "1831"]
[BlackElo "2046"]
[PlyCount "80"]
[EventDate "2020.01.25"]
[EventType "swiss"]
[EventRounds "6"]
[EventCountry "VEN"]
[SourceTitle "EXT 2021"]
[Source "ChessBase"]
[SourceDate "2020.10.23"]
[SourceVersion "1"]
[SourceVersionDate "2020.10.23"]
[SourceQuality "1"]

1. e4 c5 2. Nf3 d6 3. d4 cxd4 4. Nxd4 Nf6 5. Nc3 Nc6 6. Bg5 e6 7. Qd2 Qb6 8. Nb3 a6 9. 0-0-0 Be7 10. f3 0-0 11. h4 Qc7 12. h5 h6 13. Bf4 Rd8 14. g4 Ne5 15. Be2 Nh7 16. Be3 b5 17. f4 Nc4 18. Bxc4 bxc4 19. Nd4 Rb8 20. g5 Qb7 21. b3 Kh8 22. gxh6 gxh6 23. Rhg1 Bf6 24. Nf3 cxb3 25. axb3 Qb4 26. Bd4 Bb7 27. Bxf6+ Nxf6 28. f5 Kh7 29. Ng5+ hxg5 30. Qxg5 Ng4 31. Qxg4 Qxc3 32. fxe6 Rbc8 33. Rg2 Qa1+ 34. Kd2 Qd4+ 35. Kc1 Qa1+ 36. Kd2 Qa5+ 37. Kc1 Rg8 38. Qf3 Qa1+ 39. Kd2 Rxg2+ 40. Qxg2 Rxc2+ 0-1